000 00403nam a22001457a 4500
020 _a11 480023 5
082 _a389.152
_bINT
_cD
100 _aJ. Terrien
_938872
245 _aThe International System of Units
260 _aHer Majesty's Stationery Office
_bLondon
_c1970
300 _axi, 45 p, :
_bill, :
_c12 Cm
526 _a0
_b0
_c0
_d389_152000000000000_INT
650 _aD
_96527
942 _2ddc
_cBK
999 _c543493
_d543493